[Event "World Cup 2009"]
[Site "1:21.40-0:59.40"]
[Date "2009.11.21"]
[Round "11"]
[White "Najer, Evgeniy"]
[Black "Ghaem Maghami, Ehsan"]
[Result "1-0"]
[WhiteElo "2666"]
[BlackElo "2603"]
[PlyCount "68"]
[EventDate "2009.??.??"]
[WhiteTeam "Russland"]
[BlackTeam "Iran"]
[WhiteTeamCountry "RUS"]
[BlackTeamCountry "IRI"]

1. e4 c5 2. Nf3 d6 3. d4 cxd4 4. Nxd4 Nf6 5. Nc3 a6 6. Be3 e5 7. Nf3 Be7 8. Bc4
O-O 9. O-O Nc6 10. Qe2 h6 11. Nd5 Nxd5 12. Bxd5 Qc7 13. Rfd1 Be6 14. c4 Bg4 15.
h3 Bxf3 16. Qxf3 Nb4 17. Qe2 Rac8 18. b3 Qd7 19. Qg4 Qxg4 20. hxg4 b5 21. cxb5
axb5 22. a4 bxa4 23. bxa4 Nc2 24. a5 Nxa1 25. Rxa1 Bg5 26. Bxg5 hxg5 27. a6 Rc5
28. a7 Rxd5 29. exd5 Ra8 30. Kf1 Kf8 31. Ke2 Ke7 32. Kd3 Kd7 33. Kc4 Kc7 34.
Kb5 Kb7 1-0

[Event "World Cup 2009"]
[Site "1:28.35-1:26.15"]
[Date "2009.11.21"]
[Round "11"]
[White "Smirin, Ilia"]
[Black "Ehlvest, Jaan"]
[Result "1-0"]
[WhiteElo "2662"]
[BlackElo "2606"]
[PlyCount "70"]
[EventDate "2009.??.??"]
[WhiteTeam "Israel"]
[BlackTeam "USA"]
[WhiteTeamCountry "ISR"]
[BlackTeamCountry "USA"]

1. e4 c5 2. Nf3 d6 3. d4 cxd4 4. Nxd4 Nf6 5. Nc3 a6 6. f4 e5 7. Nf3 Nbd7 8. a4
Be7 9. Bc4 Qa5 10. Qe2 O-O 11. O-O exf4 12. Bxf4 Ne5 13. Bb3 Bg4 14. Kh1 Nxf3
15. gxf3 Be6 16. Rg1 g6 17. Rad1 Qb4 18. Bd2 Qb6 19. Be3 Qc7 20. Bd4 Rac8 21.
f4 Bc4 22. Qf3 b5 23. axb5 axb5 24. f5 b4 25. Nb5 Qb8 26. Bxf6 Bxf6 27. Nxd6
Bxb3 28. Qxb3 Kg7 29. fxg6 fxg6 30. Nxc8 Qxc8 31. Rgf1 Qg4 32. Qxb4 Re8 33. c3
Rxe4 34. Rd7+ Qxd7 35. Qxe4 Qd6 1-0

[Event "World Cup 2009"]
[Site "1:28.59-1:33.41"]
[Date "2009.11.21"]
[Round "11"]
[White "Gustafsson, Jan"]
[Black "Inarkiev, Ernesto"]
[Result "1-0"]
[WhiteElo "2622"]
[BlackElo "2645"]
[PlyCount "119"]
[EventDate "2009.??.??"]
[WhiteTeam "Deutschland"]
[BlackTeam "Russland"]
[WhiteTeamCountry "GER"]
[BlackTeamCountry "RUS"]

1. d4 d5 2. Nf3 Nf6 3. c4 c6 4. Nc3 dxc4 5. a4 Bf5 6. Ne5 Nbd7 7. Nxc4 Qc7 8.
g3 e5 9. dxe5 Nxe5 10. Bf4 Nfd7 11. Bg2 g5 12. Ne3 gxf4 13. Nxf5 O-O-O 14. Qc2
Nc5 15. O-O fxg3 16. hxg3 a5 17. Rfd1 h5 18. Rxd8+ Qxd8 19. Rd1 Qf6 20. Qd2 Kb8
21. Bh3 Ng6 22. Qe3 h4 23. g4 Ne6 24. Rd7 Ne5 25. Ne4 Qg6 26. Rxb7+ Kxb7 27.
Ned6+ Bxd6 28. Nxd6+ Ka6 29. Qxe5 Rd8 30. e3 Qg5 31. Nf5 Rd1+ 32. Kh2 Qd8 33.
Bg2 Rd2 34. Qc3 Qc7+ 35. Kg1 Rd1+ 36. Bf1+ Ka7 37. Qb3 Ra1 38. Nxh4 Nc5 39. Qc4
Nxa4 40. Nf5 Nb6 41. Qa6+ Kb8 42. Kg2 Ra2 43. b3 Ra3 44. Be2 a4 45. bxa4 Rxa4
46. Qd3 Qd7 47. Qb1 Kc7 48. Bf3 c5 49. Qb2 Qe6 50. Qb5 Rc4 51. Qa5 Rc1 52. Ng7
Qg6 53. Ne8+ Kc8 54. Qa3 Rc2 55. Qa1 Kd8 56. Nf6 Nd7 57. Qa8+ Ke7 58. Ng8+ Kd6
59. Qc6+ Ke5 60. Qd5# 1-0